Ghosts, an enemy of the people (Record no. 3182)
[ view plain ]
| 000 -LEADER | |
|---|---|
| fixed length control field | 00219nam a2200097Ia 4500 |
| 008 - FIXED-LENGTH DATA ELEMENTS--GENERAL INFORMATION | |
| fixed length control field | 240331s9999 xx 000 0 und d |
| 082 ## - DDC Classification | |
| Item Number - Author Mark | STU |
| 100 ## - MAIN ENTRY--PERSONAL NAME | |
| Personal name | Sturman, M |
| 245 #0 - TITLE STATEMENT | |
| Title | Ghosts, an enemy of the people |
| 942 ## - Koha item type (Biblio) | |
| Koha item type | Books in Stacks (Lending) |
| Lost status | Damaged status | Collection code | Home library | Current library | Shelving location | Date acquired | Full call number | Accession Number | Item type |
|---|---|---|---|---|---|---|---|---|---|
| Lending | WERC Library | WERC Library | Social Science Cupboard | 03/31/2024 | 820 STU | 4045 | Books in Stacks (Lending) |
